Kesabaran dan kejujuran (Record no. 41876)

MARC details
000 -LEADER
fixed length control field 00774nam a2200277 i 4500
001 - CONTROL NUMBER
control field C2-0133172
003 - CONTROL NUMBER IDENTIFIER
control field PPAK
005 - DATE AND TIME OF LATEST TRANSACTION
control field 20180727123310.0
008 - FIXED-LENGTH DATA ELEMENTS--GENERAL INFORMATION
fixed length control field 971029s1995 my a|||| ||||| | may d
020 ## - INTERNATIONAL STANDARD BOOK NUMBER
International Standard Book Number 9837503130
040 ## - CATALOGING SOURCE
Original cataloging agency PPAK
Language of cataloging eng
Transcribing agency PPAK
Description conventions rda
082 04 - DEWEY DECIMAL CLASSIFICATION NUMBER
Classification number 899.233
Edition number 23
090 00 - LOCALLY ASSIGNED LC-TYPE CALL NUMBER (OCLC); LOCAL CALL NUMBER (RLIN)
Classification number (OCLC) (R) ; Classification number, CALL (RLIN) (NR) 899.233
Feature heading MOH
Feature heading K
100 0# - MAIN ENTRY--PERSONAL NAME
Personal name Mohd. Zaini Abdul Samad,
Relator term author
245 10 - TITLE STATEMENT
Title Kesabaran dan kejujuran
264 #1 - PRODUCTION, PUBLICATION, DISTRIBUTION, MANUFACTURE, AND COPYRIGHT NOTICE
Place of production, publication, distribution, manufacture Petaling Jaya, Selangor :
Name of producer, publisher, distributor, manufacturer Pan Earth ,
Date of production, publication, distribution, manufacture, or copyright notice 1995
300 ## - PHYSICAL DESCRIPTION
Extent 18 pages :
Other physical details colour illustrations ;
Dimensions 22 cm
336 ## - CONTENT TYPE
Source rdacontent
Content type term text
337 ## - MEDIA TYPE
Source rdamedia
Media type term unmediated
338 ## - CARRIER TYPE
Source rdacarrier
Carrier type term volume
490 1# - SERIES STATEMENT
Series statement Siri akhlak mulia
650 10 - SUBJECT ADDED ENTRY--TOPICAL TERM
Topical term or geographic name entry element Children's stories, Malay
700 ## - ADDED ENTRY--PERSONAL NAME
Relator term author
830 #0 - SERIES ADDED ENTRY--UNIFORM TITLE
Uniform title Siri akhlak mulia
942 ## - ADDED ENTRY ELEMENTS (KOHA)
-- dc
Koha item type Book
Holdings
Withdrawn Not for loan Current library Shelving location Date acquired Full call number Barcode Date last seen Koha item type
    PD18, Kg. Wang Tepus, Jitra Pinjaman Kanak-kanak 29/10/1997 K 899.233 MOH A00087421 08/05/2018 Book
    PD20, Felda Lubuk Merbau, Pendang Pinjaman Kanak-kanak 29/10/1997 K 899.233 MOH A00087423 08/05/2018 Book
    T-PD26, Kg. Lubuk Batu, Jitra Pinjaman Kanak-kanak 29/10/1997 K 899.233 MOH A00087420 08/05/2018 Book
    T-PD26, Kg. Lubuk Batu, Jitra Pinjaman Kanak-kanak 29/10/1997 K 899.233 MOH A00087424 08/05/2018 Book